The Kellis Isocrates codex (P.Kell.III Gr.95) /

Saved in:
நூற்பட்டியல் விவரங்கள்
தலைமை எழுத்தாளர்: Isocrates.
மற்ற எழுத்தாளர்கள்: Worp, K. A., Rijksbaron, Albert.
வடிவம்: புத்தகம்
மொழி:English
வெளியீடப்பட்டது: Oxford : Oxbow Books, 1997.
தொகுதி:Oxbow monograph ; 88.
Monograph (Dakhleh Oasis Project) ; no. 5.
பகுதிகள்:
குறியீடுகள்: குறிச்சொல் இணை
குறியீடுகள் இல்லை, இந்த குறிச்சொல்லை முதலில் பதிவு செய்யுங்கள்!
LEADER 01552nam a2200421 a 4500
001 007745530-4
005 20050319114457.0
008 980817s1997 enkah b 000 0 eng d
010 |a gb 98015484  
015 |a GB98-15484 
020 |a 1900188430 
035 0 |a ocm39746833  |z ocm38921967  |z ocm38938074 
035 0 |a ocm39746833 
040 |a UKM  |c UKM  |d NYP  |d NDD  |d DGU  |d HLS 
041 0 |a enggrc 
050 1 4 |a PA4216  |b .A3 1997 
082 0 4 |a 091.0932  |2 21 
100 0 |a Isocrates. 
245 1 4 |a The Kellis Isocrates codex (P.Kell.III Gr.95) /  |c edited by K.A. Worp and A. Rijksbaron ; with an introductory chapter by J.L. Sharpe III. 
260 |a Oxford :  |b Oxbow Books,  |c 1997. 
300 |a 292 p., [36] p. of plates :  |b ill., facsims. ;  |c 31 cm. 
490 1 |a Dakhleh Oasis Project monograph ;  |v 5 
490 1 |a Oxbow monograph ;  |v 88 
500 |a Includes texts of the Ad demonicum, Ad Nicolem and Nicocles. 
504 |a Includes bibliographical references. 
546 |a Original Greek text with commentary in English. 
650 0 |a Manuscripts, Greek  |z Egypt  |z Ismant el-Kharab  |v Facsimiles. 
650 0 |a Excavations (Archaeology)  |z Egypt  |z Ismant el-Kharab. 
651 0 |a Ismant el-Kharab (Egypt)  |x Antiquities. 
700 1 |a Worp, K. A.  |q (Klaas Anthony) 
700 1 |a Rijksbaron, Albert. 
700 0 |a Isocrates.  |t To Demonicus. 
700 0 |a Isocrates.  |t To Nicocles. 
700 0 |a Isocrates.  |t Nicocles. 
830 0 |a Oxbow monograph ;  |v 88. 
830 0 |a Monograph (Dakhleh Oasis Project) ;  |v no. 5. 
988 |a 20020608 
906 |0 OCLC